NBA GOATs Trivia - Statistics

General Stats
  • This quiz has been taken 958 times
    952 since last reset
  • The average score is 7 of 17
Answer Stats
Question Answer % Correct
Who was the first player to win back to back MVPs? Bill Russell
81%
Which player holds the record for winning the most career MVP awards? Kareem Abdul-Jabbar
81%
Who is the nba's all-time leading rebounder? Wilt Chamberlain
80%
Who is the only player to rank in the top 10 points and top 15 assists for his career? Lebron James
54%
Who is the only player to win the NBA finals MVP award despite losing the series? Jerry West
53%
Which NBA great is also in the top 10 all-time scorers of the ABA? Julius Erving
48%
Which player holds the record for career steals by a center? Hakeem Olajuwon
47%
Who has the record for the highest PPG in a single NBA finals series? Micheal Jordan
46%
Who is the only player to win titles in 3 separate decades Tim Duncan
43%
Who is the only player with over 30,000 points, 6,000 assists and 6,000 rebounds for his career? Kobe Bryant
33%
Which player's team's record improved by 32 wins the season after he was drafted? Larry Bird
29%
Who has the record for most career NBA finals triple doubles? Magic Johnson
29%
Which player upped his free throw percentage by almost 30% over the course of his career and retired having made the most free throws of all time? Karl Malone
24%
Which player has led the league in field goal percentage the most times? Shaquille O'Neal
14%
Who is the only player to rank in the top 15 points and top 10 assists for his career? Oscar Robertson
13%
Which player holds the record for most games with a single team? John Stockton
9%
Which player holds the record for most consecutive games played without fouling out? Moses Malone
2%
No matching quizzes found
Score Distribution
Percent of People with Each Score
Percentile by Number Answered
Your Score History
You have not taken this quiz since the last reset